| 000 | 01105nam1a22002651 4500 | ||
|---|---|---|---|
| 001 | rc\2856790 | ||
| 005 | 20110707191623.8 | ||
| 035 | _a(NLR Aleph) 007011340 | ||
| 090 |
_a5817394 _c5817394 |
||
| 100 | _a20110707d1930 |||y0rusy50 ca | ||
| 101 | 0 | _arus | |
| 102 | _aRU | ||
| 105 | _ay z ||||| | ||
| 200 | 1 |
_aСчетоводно-бухгалтерские курсы на дому _e1-й год обуч. _eПособие для самостоятельного изуч. предметов пром.-экон. школы. Кн. 1-3 _fПод ред.: Н.А. Блатова, И.Н. Богословского, Н.С. Помазкова |
|
| 205 | _a2-е изд. | ||
| 210 |
_aЛенинград _cПрибой _d1930 _gтип. им. Н. Бухарина Гос. изд-ва |
||
| 215 | _d26х18 см | ||
| 702 | 1 |
_aБлатов _bН. А. _gНиколай Александрович _4340 |
|
| 702 | 1 |
_aБогословский _bИ. Н. _4340 |
|
| 702 | 1 |
_aПомазков _bН. С. _4340 |
|
| 801 | 0 |
_aRU _bNLR _gpsbo |
|
| 801 | 1 |
_aRU _bELAR _2rusmarc |
|
| 852 |
_aNLR _j30.19/473 |
||
| 942 | _cBOOK | ||
| 980 | _aNB | ||